| 000 | 01355nam0a22002891 4500 | ||
|---|---|---|---|
| 001 | rc\4943605 | ||
| 005 | 20260407011422.0 | ||
| 021 |
_aRU _bРг3413-62 |
||
| 035 | _a(NLR Aleph) 008854011 | ||
| 090 |
_a8418675 _c8418675 |
||
| 100 | _a20130426d1962 |||y0rusy50 ca | ||
| 101 | 0 | _arus | |
| 102 | _aRU | ||
| 105 | _aac b ||||| | ||
| 200 | 1 |
_aИван Александрович Фомин. 1872-1936. Проекты, постройки, офорты _eКаталог выставки в Ленинграде и Москве _fСоюз архитекторов СССР. Союз художников СССР. Музей архитектуры Акад. строительства и архитектуры СССР |
|
| 210 |
_aМосква _cБ. и. _d1962 |
||
| 215 |
_a36 с., 16 л. ил. _cпортр. _d22 |
||
| 300 | _aНа обороте тит. л. сост.: И.А. Казакова, К.В. Усачева | ||
| 702 | 1 |
_aКазакова _bИ.А. _4220 |
|
| 702 | 1 |
_aУсачева _bК.В. _4220 |
|
| 710 | 1 | 0 |
_aФомин, _gИван Александрович _hВыставка проектов, построек, офортов _f1962 _eЛенинград/Москва _3RU\NLR\AUTH\889998764 _9494931 |
| 801 | 0 |
_aRU _bNLR _gpsbo |
|
| 801 | 1 |
_aRU _bELAR _2rusmarc |
|
| 852 |
_aNLR _bЭ _jКП/Ф762 |
||
| 942 | _cBOOK | ||
| 980 | _aNB | ||